书目信息 |
| 题名: |
显生宙
|
|
| 作者: | ;张玉 , 北异 , 傅栩 译 ;朝日新闻出版 著 | |
| 分册: | 1 古生代 | |
| 出版信息: | 北京 人民文学出版社 2020.09 |
|
| 页数: | 135页 | |
| 开本: | 30cm | |
| 丛书名: | ||
| 单 册: | ||
| 中图分类: | P534.4 | |
| 科图分类: | ||
| 主题词: | 显生宙--xian sheng zhou--普及读物 , 古生代--gu sheng dai--普及读物 | |
| 电子资源: | ||
| ISBN: | 978-7-02-016085-3 | |
| 000 | 01365nam0 2200313 450 | |
| 001 | 0109110153 | |
| 005 | 20201109143608.15 | |
| 010 | @a978-7-02-016085-3@dCNY98.00 | |
| 100 | @a20200928d2020 em y0chiy50 ea | |
| 101 | 1 | @achi@cjpn |
| 102 | @aCN@b110000 | |
| 105 | @aa z 000yy | |
| 106 | @ar | |
| 200 | 1 | @a显生宙@Axian sheng zhou@i古生代@h1@f(日)朝日新闻出版著@g张玉, 北异, 傅栩译 |
| 210 | @a北京@c人民文学出版社@d2020.09 | |
| 215 | @a135页@c图,照片@d30cm | |
| 300 | @a46亿年的奇迹:地球简史99读书人 | |
| 312 | @a封面其他题名信息:5亿4100万年前-2亿5217万年前 | |
| 330 | @a本书介绍古生代的世界。当生物的存在可以被肉眼看见时,地球就进入了显生宙,如今这个生机勃勃的世界,就是从显生宙里的古生代开始的。古生代中的寒武纪发生了生物进化的大爆发事件,激烈的生存竞争促使与后世生物繁盛息息相关的各种进化相继出现。寒武纪之后的奥陶纪环境再次巨变,生物大辐射事件应运而生,极尽多样化的海洋生物轮番上演着各种生存故事。 | |
| 517 | 1 | @a5亿4100万年前-2亿5217万年前@A5 yi 4100 wan nian qian-2 yi 5217 wan nian qian |
| 606 | 0 | @a显生宙@Axian sheng zhou@j普及读物 |
| 606 | 0 | @a古生代@Agu sheng dai@j普及读物 |
| 690 | @aP534.4@v5 | |
| 702 | 0 | @a张玉@Azhang yu@4译 |
| 702 | 0 | @a北异@Abei yi@4译 |
| 702 | 0 | @a傅栩@Afu xu@4译 |
| 711 | 02 | @c(日)@a朝日新闻出版@Azhao ri xin wen chu ban@4著 |
| 801 | 0 | @aCN@bBJSZM@c20201103 |
| 905 | @b1240015-7@dP534.4@e158:1@f3 | |
| 显生宙.古生代.1/(日)朝日新闻出版著/张玉, 北异, 傅栩译.-北京:人民文学出版社,2020.09 |
| 135页:图,照片;30cm |
| 46亿年的奇迹:地球简史99读书人 |
| ISBN 978-7-02-016085-3:CNY98.00 |
| 本书介绍古生代的世界。当生物的存在可以被肉眼看见时,地球就进入了显生宙,如今这个生机勃勃的世界,就是从显生宙里的古生代开始的。古生代中的寒武纪发生了生物进化的大爆发事件,激烈的生存竞争促使与后世生物繁盛息息相关的各种进化相继出现。寒武纪之后的奥陶纪环境再次巨变,生物大辐射事件应运而生,极尽多样化的海洋生物轮番上演着各种生存故事。 |
| ● |
| 相关链接 |
|
|
|
|
正题名:显生宙
索取号:P534.4/158:1
 
预约/预借
| 序号 | 登录号 | 条形码 | 馆藏地/架位号 | 状态 | 备注 |
| 1 | 1240015 | 212400150 | 第二样本阅览室/ [索取号:P534.4/158:1] | 在馆 | |
| 2 | 1240016 | 212400169 | 第三借阅区/ [索取号:P534.4/158:1] | 在馆 | |
| 3 | 1240017 | 212400178 | 第三借阅区/ [索取号:P534.4/158:1] | 在馆 |